Jahrbuch des Aussenhandels der Tschechoslowakei

Guardado en:
Detalles Bibliográficos
Formato: Libro
Lenguaje:alemán
Publicado: Praha Tchechoslowakische Handels- und Industriekammer 1990
Etiquetas: Agregar Etiqueta
Sin Etiquetas, Sea el primero en etiquetar este registro!

MARC

LEADER 00000nam a2200000 4500
001 c024383
005 20230117081621.4
041 0 |a ger 
044 |a CZ 
245 1 0 |a Jahrbuch des Aussenhandels der Tschechoslowakei 
264 1 |a Praha  |b Tchechoslowakische Handels- und Industriekammer  |c 1990 
300 |a 197 s.